| 000 | 00895nam a2200253 i 4500 | ||
|---|---|---|---|
| 003 | DO-SdBNP | ||
| 005 | 20240905103750.0 | ||
| 007 | ta | ||
| 008 | 240905b1966 dr a|||| |||| 00| 0 spa d | ||
| 040 |
_aDO-SdBNP _bspa _cBNPHU _erda |
||
| 082 | 4 | _222 | |
| 100 |
_aVerfes Vidal, Pedro L., _eautor _4aut. _986527 |
||
| 245 | 1 | 0 |
_aDuarte : _bvida y obra del fundador de la República Dominicana/ _cPedro L. Verges Vidal |
| 264 |
_aSanto Domingo : _bEditora del Caribe, _c1966. |
||
| 300 |
_a302 páginas : _bilustraciones, retratos ; _c24 cm. |
||
| 336 |
_atexto _btxt _2rdacontent |
||
| 337 |
_asin mediación _bn _2rdamedia |
||
| 338 |
_avolumen _bnc _2rdacarrier |
||
| 500 | _aIncluye referencias bibliográficas y notas al pie de las páginas | ||
| 586 | _aPrimer Premio de Juegos Florales Hispanoamericanos del 1940 | ||
| 590 | _aInventariado, 2024/BT | ||
| 910 | _aBtavárez | ||
| 942 |
_2ddc _cLBS1 |
||
| 999 |
_c57634 _d57634 |
||